NTA UGC NET/SET/JRF Teaching and Research Aptitude Paper 1/ (Record no. 175580)
[ view plain ]
| 000 -LEADER | |
|---|---|
| fixed length control field | 00866nam a22002297a 4500 |
| 005 - DATE AND TIME OF LATEST TRANSACTION | |
| control field | 20200910110908.0 |
| 010 ## - LCCN (DPL NO) | |
| LC control number | ENG-128397 |
| 020 ## - INTERNATIONAL STANDARD BOOK NUMBER | |
| Terms of availability | 449.00 |
| International Standard Book Number | 9789353944650 |
| 035 ## - SYSTEM CONTROL NUMBER | |
| System control number | EN-111929 |
| 037 ## - SOURCE OF ACQUISITION | |
| Source of stock number/acquisition | DBAD/PUB |
| 082 ## - DEWEY DECIMAL CLASSIFICATION NUMBER | |
| Classification number | 000 |
| 100 ## - MAIN ENTRY--PERSONAL NAME | |
| Personal name | Madan, KVS |
| 245 ## - TITLE STATEMENT | |
| Title | NTA UGC NET/SET/JRF Teaching and Research Aptitude Paper 1/ |
| Statement of responsibility, etc | by KVS Madan; edited by Ruchira Dash, Sharel Simon and Vipin Kumar |
| 260 ## - PUBLICATION, DISTRIBUTION, ETC. (IMPRINT) | |
| Place of publication, distribution, etc | Noida |
| Name of publisher, distributor, etc | Pearson |
| Date of publication, distribution, etc | 2020 |
| 270 ## - ADDRESS | |
| Address | 15th floor,Tower-B,Word Trade Tower,Plot no.1,Block-C sec 16, |
| City | Noida |
| Postal code | 201301 |
| Telephone number | 04466540100 |
| Electronic mail address | companysecretary.india@pearson.com |
| 300 ## - PHYSICAL DESCRIPTION | |
| Extent | xvi;Various pages. |
| Dimensions | 25cm(pbk) |
| Other physical details | Illustrations |
| 500 ## - GENERAL NOTE | |
| General note | UGC NET |
| 700 ## - ADDED ENTRY--PERSONAL NAME | |
| Personal name | Editor Development- Ruchira Dash |
| 700 ## - ADDED ENTRY--PERSONAL NAME | |
| Personal name | Editor-Production- Vipin Kumar |
| 700 ## - ADDED ENTRY--PERSONAL NAME | |
| Personal name | Senior Editor- Acquisitions- Sharel Simon |
| 942 ## - ADDED ENTRY ELEMENTS (KOHA) | |
| Source of classification or shelving scheme | Dewey Decimal Classification |
| Item type | English Books |
| Classification part | 000 |
| Call number suffix | MAD |
| Withdrawn status | Lost status | Not for loan | Home library | Current library | Date acquired | Source of acquisition | Cost, normal purchase price | Full call number | Barcode | Cost, replacement price | Koha item type |
|---|---|---|---|---|---|---|---|---|---|---|---|
| Not For Loan | D.B.Act.Division | D.B.Act.Division | 10/09/2020 | DBAD/PUB | 449.00 | 000 MAD | EN-111929 | 449.00 | English Books |
